Ta bolest nejsi ty

Saved in:
Bibliographic Details
Main Author Tereza, Ševčíková
Format Electronic eBook
LanguageCzech
Published Práh 2026
Edition1. elektronické vydání
Subjects
Online AccessDostupné v BOOKPORT po přihlášení pomocí eduID
ISBN978-80-7696-122-7
978-80-7696-118-0
Physical Description1 online zdroj (264 stran)

Cover

LEADER 00000nam a2200000 i 4500
001 bkp235930494
003 CZ-prgp
005 20260420101416.0
006 m o d
007 cr cn
008 260420s2026 xr o 000 0 cze
020 |a 978-80-7696-122-7  |c 349 Kč  |q (online ; epub) 
020 |a 978-80-7696-118-0  |c 399 Kč  |q (print) 
040 |a Grada  |b cze  |e rda 
100 1 |a Tereza, Ševčíková 
245 1 0 |a Ta bolest nejsi ty  |c Ševčíková Tereza 
250 |a 1. elektronické vydání 
264 1 |b Práh  |c 2026 
300 |a 1 online zdroj (264 stran) 
336 |a text  |b txt  |2 rdacontent 
337 |a počítač  |b c  |2 rdamedia 
338 |a online zdroj  |b cr  |2 rdacarrier 
520 3 |a "Inspirativní příběhy z psychoterapeutické poradny s odborným výkladem S předmluvou Radkina Honzáka - S jakými problémy nejčastěji přichází lidé do psychoterapie? - Co se děje za zavřenými dveřmi psychoterapeutky? - Jak si mohou lidé pomoci sami, pokud do psychoterapie vstoupit nechtějí? Psychoterapie je v české společnosti stále zahalená jakýmsi závojem tajemna. Lidé si nejsou jistí, co se s nimi bude při konzultacích dít, jaký vliv na ně bude psychoterapeut mít, zda je to bezpečné a zda to vůbec potřebují. Hlavním smyslem knihy Ta bolest nejsi ty, je popularizovat psychoterapii a nabídnout čtenáři bezpečnou exkurzi do reálných psychoterapeutických konzultací. K tomu zkušená psycholožka a psychoterapeutka PhDr. Tereza Ševčíková vybrala konkrétní příběhy svých šesti klientů, kteří jí dali souhlas se zveřejněním. Byť je každý příběh jedinečný a originální, některá témata se v její praxi objevují častěji, a právě s těmi se čtenář setká. Jsou jimi: emoční zanedbání v dětství, tajemství, tabu a vztahy v rodině, nepříjemné nálady a nezvladatelné emoce - hněv a úzkost, dospělé děti alkoholiků a sexuální zneužívání v dětství. Kromě konkrétního příběhu obsahuje každá kapitola krátké teoretické ukotvení stěžejního tématu a také konkrétní rady a tipy čtenářům, kteří řeší podobné problémy, ale zatím nemají v plánu do psychoterapie vstoupit. Jedná se o praktickou knížku pro běžného člověka, který se nebojí nechat vyzvat životem tak, jak přichází. Prožívá bolesti i radosti, stresy a nejistoty, vzestupy i pády nebo nečekané změny. Klade si otázky a občas si neví rady, ale nevzdává se a chce prožít důstojný a krásný život. PhDr. TEREZA ŠEVČÍKOVÁ je doktorkou psychologie a akreditovanou psychoterapeutkou, řádnou členkou České asociace pro psychoterapii (ČAP). Studovala na Univerzitě Karlově v Praze, na University of Glasgow ve Skotsku a na City College of San Francisco v USA. Výcvik védské meditace absolvovala u australského učitele Tima Mitchella. Svojí praxi začínala jako sociální terapeutka na psychoterapeutické a psychosomatické klinice Eset. Na gymnáziu v Praze vyučovala moderní psychologii, působila jako vychovatelka v diagnostických ústavech pro mládež, pracovala i v oblasti psychologie práce v mezinárodních a českých firmách. Spolupracuje s Českou televizí i s Českým rozhlasem, příležitostně přednáší a publikuje články pro veřejnost, je spoluautorkou několika knížek pro děti i dospělé. V posledních patnácti letech intenzivně rozvíjí soukromou psychoterapeutickou praxi pro dospělé klienty v individuální a párové psychoterapii. " 
650 0 4 |a Osobní rozvoj a poznání 
650 0 4 |a Psychiatrie, psychoterapie 
856 4 0 |u https://www.bookport.cz/AccountSaml/SignIn/?idp=https://shibboleth.utb.cz/idp/shibboleth&returnUrl=/kniha/ta-bolest-nejsi-ty-16001/  |y Dostupné v BOOKPORT po přihlášení pomocí eduID